Anton Piller Orders & Bayer Injunctions Quiz Stats

Quiz not verified by Sporcle

Also try: Red or White?
Challenge
Share
Tweet
Embed
Score 0/15 Timer 10:00
0 Plays Today
% Correct
P, based in Germany manufactured computer component & claimed D, its English distributor furnishing a competitor with P’s copyrighted drawings & designs
100%
allow P, accompanied by his solicitor, enter D’s premises to inspect & if necessary take away documents and other items specific in the order.
87.5%
Bayer AG v Winter [1986]
87.5%
secure evidence which D would likely destroy in light of any action
75%
Damage, potential or actual, must be very serious for the applicant
75%
O. Ltd v Z [2005]
75%
Omrod LJ in Anton Piller KG v Manufacturing Processes Ltd [1976]
62.5%
Extremely strong prima facie case
62.5%
% Correct
Clear evidence Ds possess incriminating documents or things & real possibility of destruction before application inter partes can be made
62.5%
Columbia Picture Industries v Robinson [1987]
62.5%
Tate Access Floors Inc. v Boswell [1991]
62.5%
Universal Thermosensors Ltd v Hibben [1992] (Ds should consult with solicitor, must have a woman accompanying, detailed list of items removed, have a rep when at business premises etc.)
62.5%
Microsoft Corporation v Brightpoint Ireland Ltd (2001)
50%
O’Neill v O’Keefe (2002)
50%
Wardle Fabrics Ltd v G. Myristis Ltd [1984]
37.5%

You're not logged in!

Compare scores with friends on all Sporcle quizzes.
Sign Up with Email
OR
Log In

You Might Also Like...

Show Comments

Extras

Top Quizzes Today


Score Distribution

Your Account Isn't Verified!

In order to create a playlist on Sporcle, you need to verify the email address you used during registration. Go to your Sporcle Settings to finish the process.

Report this User

Report this user for behavior that violates our Community Guidelines.

Details: